000 00441nam a2200145Ia 4500
008 100122s9999 xx 000 0 und d
082 _b3396
_a823
100 _aरणदिवे रत्नप्रभा
245 _aदिव्यचक्षू
260 _bप्रकाशक शोधणे
_c1924
300 _a290
630 _aदिव्यचक्षू
730 _aदिव्यचक्षू
942 _cBOOK
999 _c397465
_d397462